[Event "C.to Italiano Semifinale"]
[Site "Civitanova Marche ITA"]
[Date "2012.07.16"]
[Round "2"]
[White "Cocuzzi, Edoardo"]
[Black "Parrella, Alfredo"]
[WhiteElo "1993"]
[BlackElo "2101"]
[Result "1/2-1/2"]
[PlyCount "26"]
[EventDate "2012.07.15"]

1. e4 c6 2. d4 d5 3. e5 Bf5 4. Ne2 e6 5. Ng3 Bg6 6. h4 h5 7. Be2 Be7 8. Bxh5
Bxh5 9. Nxh5 g6 10. Ng3 Rxh4 11. Rxh4 Bxh4 12. Qg4 Na6 13. Ne2 Be7 1/2-1/2

[Event "C.to Italiano Semifinale"]
[Site "Civitanova Marche ITA"]
[Date "2012.07.16"]
[Round "2"]
[White "Collutiis, Duilio"]
[Black "Lantini, Marco"]
[WhiteElo "2508"]
[BlackElo "2153"]
[Result "1-0"]
[PlyCount "74"]
[EventDate "2012.07.15"]

1. g3 d5 2. Bg2 e5 3. c4 d4 4. d3 Nc6 5. Nf3 Bb4+ 6. Bd2 a5 7. O-O Nf6 8. Bg5
h6 9. Bxf6 Qxf6 10. Na3 O-O 11. Nc2 Re8 12. a3 Bf8 13. Nd2 Bd7 14. b3 Qe7 15.
Qb1 Rab8 16. e3 Bf5 17. Ne4 Red8 18. Qe1 Bg6 19. Qe2 f5 20. Nd2 Qd6 21. exd4
exd4 22. Nf3 Be7 23. b4 Bf6 24. b5 Re8 25. Qd2 Nd8 26. Qxa5 Ne6 27. Rae1 f4 28.
Qd2 fxg3 29. hxg3 c6 30. bxc6 bxc6 31. Nb4 Ra8 32. Nxc6 Qxa3 33. Nfe5 Bf5 34.
Bd5 Kh7 35. g4 Bg5 36. Qd1 Bg6 37. Nxg6 Kxg6 1-0

[Event "C.to Italiano Semifinale"]
[Site "Civitanova Marche ITA"]
[Date "2012.07.16"]
[Round "2"]
[White "Costantini, Roberto"]
[Black "Bruno, Fabio"]
[WhiteElo "2289"]
[BlackElo "2423"]
[Result "0-1"]
[PlyCount "58"]
[EventDate "2012.07.15"]

1. e4 e6 2. d4 d5 3. Nc3 Bb4 4. e5 Ne7 5. a3 Bxc3+ 6. bxc3 b6 7. h4 Ba6 8. Bxa6
Nxa6 9. h5 h6 10. Qg4 Rg8 11. a4 Nb8 12. a5 Nbc6 13. axb6 axb6 14. Rb1 Ra2 15.
Qe2 Qa8 16. Nf3 Qa4 17. O-O Qxc2 18. Bd2 Kd7 19. Rfc1 Qe4 20. Qb5 Rga8 21. Re1
Qc2 22. Rec1 Qa4 23. Qd3 Qc4 24. Qh7 Nf5 25. g4 Qe2 26. gxf5 Qxf3 27. fxe6+
fxe6 28. Be3 Qg4+ 29. Kf1 Ne7 0-1

[Event "C.to Italiano Semifinale"]
[Site "Civitanova Marche ITA"]
[Date "2012.07.16"]
[Round "2"]
[White "Dappiano, Andrea"]
[Black "Lattanzio, Savino"]
[WhiteElo "2180"]
[BlackElo "2089"]
[Result "1-0"]
[PlyCount "90"]
[EventDate "2012.07.15"]

1. Nf3 Nf6 2. g3 d5 3. c4 e6 4. Bg2 Be7 5. O-O O-O 6. b3 c5 7. e3 Nc6 8. Bb2 b6
9. Nc3 Bb7 10. cxd5 exd5 11. d4 Rc8 12. dxc5 bxc5 13. Rc1 Ba6 14. Re1 Nb4 15.
Bf1 Bxf1 16. Rxf1 c4 17. Ne1 Qd7 18. a3 Nc6 19. bxc4 Qh3 20. Nxd5 Ng4 21. Nf3
Bd6 22. Nf4 Bxf4 23. exf4 Rfd8 24. Qc2 Rd6 25. Qf5 Rb8 26. Rfd1 Ne7 27. Qg5 f6
28. Qc5 Re6 29. Bd4 Rb3 30. Rc3 Rb2 31. Rcd3 Rbe2 32. Qa5 Nc6 33. Qd5 Ne7 34.
Qa8+ Kf7 35. R3d2 Nf5 36. Rxe2 Rxe2 37. Qd5+ Kg6 38. Bxa7 Nge3 39. Nh4+ Nxh4
40. Bxe3 Qg4 41. c5 Nf3+ 42. Kh1 f5 43. c6 Ne1 44. c7 Qh3 45. Kg1 Qg4 1-0

[Event "C.to Italiano Semifinale"]
[Site "Civitanova Marche ITA"]
[Date "2012.07.16"]
[Round "2"]
[White "Di Trapani, Davide"]
[Black "Martorelli, Antonio"]
[WhiteElo "2072"]
[BlackElo "2219"]
[Result "0-1"]
[PlyCount "83"]
[EventDate "2012.07.15"]

1. e4 c5 2. Nf3 e6 3. d4 cxd4 4. Nxd4 a6 5. Bd3 Bc5 6. Nb3 Ba7 7. Qg4 Nf6 8.
Qg3 d6 9. Nc3 Nc6 10. Bg5 b5 11. O-O-O b4 12. Ne2 e5 13. f4 h6 14. fxe5 Nxe5
15. Bd2 a5 16. Qxg7 Ke7 17. Nf4 Rg8 18. Qxh6 a4 19. Na1 Neg4 20. Qh4 Bf2 21.
Nd5+ Ke6 22. Qh3 Nxd5 23. exd5+ Ke7 24. Qf3 Qb6 25. Rhf1 Qc5 26. h3 Ne5 27.
Bg5+ Rxg5 28. Qxf2 Qxf2 29. Rxf2 Bb7 30. Be4 Rc8 31. Rd4 Rc4 32. Rxc4 Nxc4 33.
b3 Re5 34. Rf4 Nb6 35. Bf3 Bxd5 36. Rxb4 Bxf3 37. gxf3 Re1+ 38. Kb2 Nd5 39.
Rxa4 Ne3 40. Re4+ Kf6 41. a4 d5 42. Rf4+ {...} 0-1

[Event "C.to Italiano Semifinale"]
[Site "Civitanova Marche ITA"]
[Date "2012.07.16"]
[Round "2"]
[White "Fagnani, Alessandro"]
[Black "Xia, Jie"]
[WhiteElo "1981"]
[BlackElo "2301"]
[Result "1/2-1/2"]
[PlyCount "132"]
[EventDate "2012.07.15"]

1. e4 Nf6 2. e5 Nd5 3. d4 d6 4. exd6 cxd6 5. Bc4 Nb6 6. Bb3 g6 7. Nf3 Bg7 8.
O-O O-O 9. Be3 Nc6 10. c3 Na5 11. Bc2 Nac4 12. Bc1 d5 13. b3 Nd6 14. Bf4 Bf5
15. Bxd6 Bxc2 16. Bxe7 Bxd1 17. Bxd8 Bxf3 18. Bxb6 Be4 19. Bc5 Rfc8 20. Rd1 b6
21. Bb4 a5 22. Ba3 Bxb1 23. Raxb1 Rxc3 24. Rbc1 Rac8 25. Rxc3 Rxc3 26. Rc1
Rxc1+ 27. Bxc1 Bxd4 28. Kf1 Kf8 29. Ke2 Ke7 30. f3 Ke6 31. Kd3 Bc5 32. Bf4 h5
33. Bc7 Kd7 34. Be5 Kc6 35. Bf6 Kd7 36. Bg5 Ke6 37. Bd8 Bg1 38. h3 Kd7 39. Bf6
Kd6 40. Bd8 Kc6 41. a4 Bc5 42. Bf6 Bd6 43. Kd4 Ba3 44. Kd3 Bc1 45. Bd8 Bb2 46.
Kc2 Be5 47. Kd3 Bc7 48. Bf6 Kc5 49. Bc3 Bd8 50. Bd2 Bf6 51. Be3+ d4 52. Bd2 Bh4
53. Ke4 Bf2 54. Kd3 f5 55. Kc2 Be3 56. Be1 g5 57. Kd3 Bc1 58. Kc2 Be3 59. Kd3
h4 60. Kc2 Kd5 61. Kd3 Kc5 62. Kc2 f4 63. Kd3 Bc1 64. Kc2 Ba3 65. Bd2 Bb4 66.
Bc1 Kd5 1/2-1/2

[Event "C.to Italiano Semifinale"]
[Site "Civitanova Marche ITA"]
[Date "2012.07.16"]
[Round "2"]
[White "Fioravanti, Diego"]
[Black "Pipitone, Antonio"]
[WhiteElo "2117"]
[BlackElo "1942"]
[Result "1-0"]
[PlyCount "111"]
[EventDate "2012.07.15"]

1. d4 Nf6 2. c4 c5 3. d5 e6 4. Nc3 exd5 5. cxd5 d6 6. e4 g6 7. f4 Bg7 8. Nf3
O-O 9. Bd3 Na6 10. O-O Nc7 11. Kh1 b5 12. Qc2 b4 13. Nd1 Ba6 14. Nf2 Bxd3 15.
Qxd3 Rb8 16. Rb1 Re8 17. Be3 Qd7 18. Rbd1 a5 19. Nd2 a4 20. Nc4 h5 21. e5 Nfxd5
22. Nxd6 Re6 23. Nfe4 Nxe3 24. Qxe3 Na6 25. Ng5 Qe7 26. Nxe6 Qxe6 27. b3 axb3
28. Qxb3 Qxb3 29. axb3 Nc7 30. Nxf7 Ne6 31. Nd6 Nd4 32. Rd3 g5 33. g3 Rf8 34.
Kg2 gxf4 35. gxf4 Ra8 36. Rxd4 cxd4 37. Nf5 d3 38. Kf3 Bf8 39. Rd1 Ra2 40. Rxd3
Rxh2 41. e6 Rh3+ 42. Ke4 Rxd3 43. Kxd3 h4 44. e7 Bxe7 45. Nxe7+ Kf7 46. Nf5 h3
47. Ng3 Kf6 48. Ke4 Ke6 49. f5+ Kf6 50. Kf4 h2 51. Kg4 Ke5 52. Kg5 Kd6 53. f6
Ke6 54. Kg6 Ke5 55. f7 Kf4 56. Nh1 1-0

[Event "C.to Italiano Semifinale"]
[Site "Civitanova Marche ITA"]
[Date "2012.07.16"]
[Round "2"]
[White "Formento, Paolo"]
[Black "Astengo, Marcello"]
[WhiteElo "2155"]
[BlackElo "2033"]
[Result "1-0"]
[PlyCount "67"]
[EventDate "2012.07.15"]

1. e4 e6 2. d4 d5 3. Nc3 Nf6 4. Bg5 Bb4 5. e5 h6 6. Be3 Nfd7 7. a3 Bxc3+ 8.
bxc3 c5 9. Qg4 Kf8 10. Nf3 Nc6 11. Bd3 Qa5 12. O-O c4 13. Be2 Qxc3 14. Ra2 Qa5
15. Nh4 Nb6 16. Qf4 Ke8 17. Bh5 Rf8 18. Qg4 g5 19. Nf3 c3 20. Raa1 Qa4 21. Rfc1
Nc4 22. h4 Nxe3 23. fxe3 gxh4 24. Nxh4 b5 25. Rf1 Ne7 26. Rxf7 Rxf7 27. Qg7 Kd8
28. Qxf7 Nc6 29. Qf8+ Kc7 30. Qd6+ Kb7 31. Rf1 b4 32. axb4 a5 33. Rf7+ Ka6 34.
Be2+ 1-0

[Event "C.to Italiano Semifinale"]
[Site "Civitanova Marche ITA"]
[Date "2012.07.16"]
[Round "2"]
[White "Franchini, Gabriele"]
[Black "Dobboletta, Alex"]
[WhiteElo "2149"]
[BlackElo "2002"]
[Result "1-0"]
[PlyCount "57"]
[EventDate "2012.07.15"]

1. e4 c5 2. Nf3 d6 3. Bb5+ Nc6 4. Bxc6+ bxc6 5. O-O e5 6. c3 Nf6 7. d4 cxd4 8.
cxd4 Bg4 9. dxe5 dxe5 10. Qxd8+ Rxd8 11. Nxe5 Be2 12. Re1 Bb4 13. Nc3 Nxe4 14.
Nxc6 Bxc3 15. bxc3 Rd1 16. Bb2 Rd2 17. Bc1 Rd1 18. Rxd1 Bxd1 19. Nxa7 Ba4 20.
Nc8 O-O 21. Ne7+ Kh8 22. c4 Re8 23. Ba3 Nd2 24. Rc1 Bd7 25. Bd6 Ne4 26. c5 h6
27. f3 Nxd6 28. cxd6 Ba4 29. Rc8 1-0

[Event "C.to Italiano Semifinale"]
[Site "Civitanova Marche ITA"]
[Date "2012.07.16"]
[Round "2"]
[White "Gagliardi, Christian"]
[Black "De Filomeno, Simone"]
[WhiteElo "2209"]
[BlackElo "2338"]
[Result "0-1"]
[PlyCount "70"]
[EventDate "2012.07.15"]

1. d4 d5 2. Bf4 Nf6 3. e3 c5 4. Nc3 e6 5. Nb5 Na6 6. Nf3 Be7 7. Be2 O-O 8. h3
Bd7 9. O-O c4 10. a4 Bxb5 11. axb5 Nc7 12. b3 Nxb5 13. bxc4 Nc3 14. Qd3 Nfe4
15. c5 b6 16. cxb6 axb6 17. Ne5 Qc8 18. f3 Nxe2+ 19. Qxe2 Nc3 20. Qd3 Bb4 21.
Bg3 Ra5 22. Rxa5 bxa5 23. Ra1 f6 24. Ng4 Qc6 25. Be1 Rc8 26. Nf2 a4 27. Bxc3
Bxc3 28. Ra2 Rb8 29. Nd1 Bb4 30. e4 a3 31. exd5 exd5 32. Ne3 Bd6 33. c4 Rb2 34.
Rxb2 axb2 35. Qb3 Qe8 0-1

[Event "C.to Italiano Semifinale"]
[Site "Civitanova Marche ITA"]
[Date "2012.07.16"]
[Round "2"]
[White "Gilevych, Artem"]
[Black "Bellini, Fabio"]
[WhiteElo "2303"]
[BlackElo "2506"]
[Result "1/2-1/2"]
[PlyCount "42"]
[EventDate "2012.07.15"]

1. d4 d6 2. Nf3 f5 3. Bf4 Nf6 4. e3 g6 5. Bc4 Bg7 6. c3 d5 7. Bb3 Be6 8. Nbd2
O-O 9. Ne5 Nbd7 10. Ndf3 Nxe5 11. Nxe5 c5 12. O-O c4 13. Bc2 Qb6 14. Rb1 Qa6
15. a3 Rad8 16. h3 Nd7 17. Nxd7 Bxd7 18. Be5 Bxe5 19. dxe5 Be6 20. f4 b5 21.
Qd4 Qb7 1/2-1/2

[Event "C.to Italiano Semifinale"]
[Site "Civitanova Marche ITA"]
[Date "2012.07.16"]
[Round "2"]
[White "Innocenti, Giovanni"]
[Black "Andreoni, Giuseppe"]
[WhiteElo "2021"]
[BlackElo "2119"]
[Result "1-0"]
[PlyCount "89"]
[EventDate "2012.07.15"]

1. e4 c5 2. Nf3 d6 3. d4 cxd4 4. Nxd4 Nf6 5. Nc3 a6 6. Be2 e5 7. Nb3 Be6 8. O-O
Be7 9. f4 exf4 10. Bxf4 Nc6 11. Kh1 O-O 12. Qe1 Ne5 13. Nd4 Qc7 14. Qg3 Ng6 15.
Nf5 Bxf5 16. exf5 Nxf4 17. Qxf4 Rfe8 18. Rad1 Bf8 19. Bf3 Re5 20. g4 Qc5 21.
Qd4 Qxd4 22. Rxd4 Rb8 23. Kg2 b5 24. g5 Nd7 25. Bd5 Nb6 26. g6 Nxd5 27. gxh7+
Kxh7 28. Nxd5 Rc8 29. Nc3 Rc4 30. Rxc4 bxc4 31. f6 d5 32. fxg7 Bxg7 33. Rf2 d4
34. Nd1 Kg6 35. b3 c3 36. Kf1 Rf5 37. Ke2 Rxf2+ 38. Nxf2 f5 39. Nd3 Kh5 40. Kf3
Kh4 41. Kf4 Kh3 42. Kxf5 Kxh2 43. Ke4 Kg2 44. Nc5 Kf2 45. Kd3 1-0

[Event "C.to Italiano Semifinale"]
[Site "Civitanova Marche ITA"]
[Date "2012.07.16"]
[Round "2"]
[White "Paltrinieri, Nicholas"]
[Black "Cocchi, Andrea"]
[WhiteElo "2172"]
[BlackElo "2319"]
[Result "1-0"]
[PlyCount "89"]
[EventDate "2012.07.15"]

1. f4 c5 2. Nf3 g6 3. d3 Bg7 4. e4 Nc6 5. Be2 d6 6. O-O e6 7. c3 Nge7 8. Be3
O-O 9. d4 cxd4 10. cxd4 f5 11. e5 Nd5 12. Qd2 Nxe3 13. Qxe3 Nb4 14. Na3 Bd7 15.
Qd2 Nd5 16. Nc4 dxe5 17. dxe5 b5 18. Nd6 Qb6+ 19. Kh1 Bh6 20. Nd4 a6 21. g3 Ra7
22. Bf3 Ne7 23. Rac1 Nc8 24. Nc6 Rc7 25. Nxc8 Bxc8 26. Qd6 Kh8 27. Ne7 Qxd6 28.
exd6 Rxc1 29. Rxc1 Bd7 30. Bc6 Rd8 31. Bxd7 Rxd7 32. Rc8+ Bf8 33. Rxf8+ Kg7 34.
Rc8 Rxd6 35. Rc2 h6 36. Kg2 g5 37. Nc6 g4 38. Kf2 Rd1 39. Nb8 a5 40. Nc6 a4 41.
a3 h5 42. Ke3 Rd5 43. Nd4 e5 44. Nxf5+ Kf6 45. Ke4 1-0

[Event "C.to Italiano Semifinale"]
[Site "Civitanova Marche ITA"]
[Date "2012.07.16"]
[Round "2"]
[White "Piscopo, Pierluigi"]
[Black "Stella, Luca"]
[WhiteElo "2360"]
[BlackElo "2134"]
[Result "1-0"]
[PlyCount "81"]
[EventDate "2012.07.15"]

1. e4 c5 2. Nf3 d6 3. d4 cxd4 4. Nxd4 Nf6 5. Nc3 a6 6. Be2 e5 7. Nb3 Be7 8. g4
h6 9. Be3 Be6 10. Bf3 Nbd7 11. Qe2 b5 12. Nd5 Bxd5 13. exd5 Nb6 14. h4 Qc7 15.
g5 hxg5 16. hxg5 Rxh1+ 17. Bxh1 Nfd7 18. Na5 Nc4 19. Nc6 Nb8 20. g6 f6 21.
O-O-O Nxc6 22. dxc6 O-O-O 23. Bd5 Nxe3 24. fxe3 Rh8 25. Kb1 Kb8 26. a4 Qa5 27.
axb5 axb5 28. Rd3 b4 29. Qg4 f5 30. Qxf5 Rf8 31. Bf7 Rh8 32. Rd1 Rh2 33. Bd5
Qc5 34. Be4 Qa5 35. Rd5 Qa6 36. b3 Re2 37. Bf3 Re1+ 38. Rd1 Qf1 39. Qg4 e4 40.
Kc1 exf3 41. Qxb4+ 1-0

[Event "C.to Italiano Semifinale"]
[Site "Civitanova Marche ITA"]
[Date "2012.07.16"]
[Round "2"]
[White "Rambaldi, Francesco"]
[Black "Sibilio, Mario"]
[WhiteElo "2257"]
[BlackElo "2352"]
[Result "1/2-1/2"]
[PlyCount "111"]
[EventDate "2012.07.15"]

1. e4 g6 2. d4 c6 3. Nc3 Bg7 4. Nf3 d5 5. h3 dxe4 6. Nxe4 Nf6 7. Nxf6+ exf6 8.
Bc4 O-O 9. O-O Re8 10. Bf4 Nd7 11. Re1 Rxe1+ 12. Qxe1 Nb6 13. Bb3 Nd5 14. Bxd5
cxd5 15. Qb4 Bf8 16. Qb3 b6 17. Nd2 Be6 18. Nf1 Rc8 19. c3 Qd7 20. Ne3 Be7 21.
Nc2 f5 22. Bd2 f6 23. Ne1 Bf7 24. Nd3 Bd6 25. Re1 Re8 26. Qd1 Re4 27. f3 Re8
28. Rxe8+ Qxe8 29. b3 g5 30. f4 Bh5 31. Qf1 g4 32. Qe1 Qxe1+ 33. Nxe1 gxh3 34.
gxh3 Bd1 35. Kf2 Kf7 36. c4 Ke6 37. Nd3 Bc2 38. Ke3 Ba3 39. Nb4 Be4 40. cxd5+
Kd6 41. Nd3 Bxd3 42. Kxd3 Kxd5 43. Be3 b5 44. Bd2 Bb2 45. Be3 Ba3 46. Bd2 Bd6
47. Be3 Bb4 48. Bf2 a6 49. Bh4 Bd6 50. Ke3 Ke6 51. Be1 Bc7 52. Bh4 Bd8 53. Be1
Be7 54. Bh4 Kd5 55. Kd3 Bd6 56. Ke3 1/2-1/2

[Event "C.to Italiano Semifinale"]
[Site "Civitanova Marche ITA"]
[Date "2012.07.16"]
[Round "2"]
[White "Rettore, Ludwig"]
[Black "De Nisi, Roberta"]
[WhiteElo "2119"]
[BlackElo "1975"]
[Result "1-0"]
[PlyCount "81"]
[EventDate "2012.07.15"]

1. d4 f5 2. f4 Nf6 3. Nf3 e6 4. e3 Nc6 5. c4 Bb4+ 6. Bd2 Bxd2+ 7. Qxd2 Ne4 8.
Qd1 g5 9. fxg5 Nxg5 10. Nc3 b6 11. d5 Nxf3+ 12. Qxf3 Qh4+ 13. g3 Ne5 14. Qf4
Qxf4 15. exf4 Nf3+ 16. Kf2 Nd4 17. Rd1 c5 18. dxc6 Nxc6 19. Nb5 Ke7 20. Bg2 a6
21. Nd6 Ra7 22. Rhe1 Kf6 23. Re2 Rc7 24. Red2 Ke7 25. b3 Na7 26. Re2 Kf6 27.
Red2 Ke7 28. a4 a5 29. Re2 Kf6 30. Red2 Ke7 31. Bf3 Ba6 32. Re1 Rf8 33. Red1
Nc8 34. Nxc8+ Rfxc8 35. Rd6 Rb8 36. c5 Bc8 37. Rxb6 Bb7 38. Rd4 Kd8 39. b4 axb4
40. Rdxb4 Rbc8 41. Bxb7 1-0

[Event "C.to Italiano Semifinale"]
[Site "Civitanova Marche ITA"]
[Date "2012.07.16"]
[Round "2"]
[White "Spornberger, Maximilian"]
[Black "Contin, Daniel"]
[WhiteElo "2226"]
[BlackElo "2346"]
[Result "1/2-1/2"]
[PlyCount "66"]
[EventDate "2012.07.15"]

1. e4 c6 2. d4 d5 3. exd5 cxd5 4. Bd3 Nc6 5. c3 g6 6. Nf3 Nh6 7. O-O Bg7 8. Re1
O-O 9. Bf4 f6 10. c4 Bg4 11. cxd5 Qxd5 12. Nc3 Qd7 13. d5 Ne5 14. Bxe5 fxe5 15.
Be2 Rf4 16. Nd2 Rb4 17. f3 Bf5 18. g4 e4 19. gxf5 Rxb2 20. Ncxe4 gxf5 21. Nc5
Bd4+ 22. Kh1 Bxc5 23. Qc1 Bd4 24. Nc4 Ng4 25. Nxb2 Nf2+ 26. Kg2 f4 27. Qxf4
Qh3+ 28. Kg1 Ng4+ 29. Kh1 Nf2+ 30. Kg1 Ne4+ 31. Kh1 Nf2+ 32. Kg1 Ng4+ 33. Kh1
Nf2+ 1/2-1/2

[Event "C.to Italiano Semifinale"]
[Site "Civitanova Marche ITA"]
[Date "2012.07.16"]
[Round "2"]
[White "Villa, Giorgio"]
[Black "Bonfa', Ileano"]
[WhiteElo "1949"]
[BlackElo "2235"]
[Result "1-0"]
[PlyCount "88"]
[EventDate "2012.07.15"]

1. Nf3 g6 2. c4 Nf6 3. g3 Bg7 4. Bg2 d5 5. cxd5 Nxd5 6. d4 c5 7. Nc3 Nxc3 8.
bxc3 Nc6 9. e3 O-O 10. O-O Qa5 11. Qb3 Qa6 12. Rd1 Bf5 13. a4 Be4 14. Ba3 c4
15. Qb5 Rfc8 16. Nd2 Bxg2 17. Kxg2 e5 18. Rac1 exd4 19. Qxa6 bxa6 20. cxd4 Na5
21. Bb4 Nc6 22. Rxc4 Nxb4 23. Rxb4 Bf8 24. Rb7 Rc2 25. Ne4 Rac8 26. Rxa7 Ra2
27. Nc5 Bxc5 28. dxc5 Rxc5 29. Rxa6 Rcc2 30. Rf6 Kg7 31. Rf4 g5 32. Rf5 Kg6 33.
g4 Rc6 34. Rdd5 f6 35. a5 Ra6 36. Rb5 h5 37. gxh5+ Kxh5 38. Rb6 R2xa5 39. Rfxf6
Rxb6 40. Rxb6 Kg4 41. Rf6 Ra2 42. h3+ Kh5 43. Kg3 Ra4 44. f3 Ra2 1-0

[Event "C.to Italiano Semifinale"]
[Site "Civitanova Marche ITA"]
[Date "2012.07.17"]
[Round "3"]
[White "Andreoni, Giuseppe"]
[Black "Cocuzzi, Edoardo"]
[WhiteElo "2119"]
[BlackElo "1993"]
[Result "0-1"]
[PlyCount "146"]
[EventDate "2012.07.15"]

1. e4 e5 2. Nf3 Nc6 3. Bb5 a6 4. Ba4 b5 5. Bb3 Bc5 6. O-O d6 7. c3 h6 8. d4
exd4 9. cxd4 Bb6 10. h3 Nge7 11. Nc3 O-O 12. Re1 Na5 13. Bc2 f5 14. d5 fxe4 15.
Bxe4 Nf5 16. b3 Nh4 17. Be3 Nxf3+ 18. Bxf3 Bxe3 19. Rxe3 b4 20. Ne4 Nb7 21. Qd4
a5 22. Rae1 Bf5 23. Ng3 Qf6 24. Nxf5 Qxf5 25. Re7 Rf7 26. Bg4 Rxe7 27. Rxe7 Qg5
28. Rxc7 Nc5 29. f4 Qg6 30. Be6+ Kh8 31. Kh2 Ne4 32. Qe3 Nf6 33. Qg3 Qxg3+ 34.
Kxg3 Ne4+ 35. Kf3 Nc3 36. a3 Nb5 37. Rc1 bxa3 38. Ra1 Nd4+ 39. Ke4 Nxb3 40.
Rxa3 Nc5+ 41. Ke3 g6 42. g4 Kg7 43. g5 hxg5 44. fxg5 a4 45. Kd4 Rf8 46. Kc4
Rf4+ 47. Kb5 Nxe6 48. dxe6 Kf8 49. Rxa4 Rxa4 50. Kxa4 Ke7 51. Kb5 Kxe6 52. Kc6
d5 53. Kc5 Ke5 54. h4 d4 55. h5 gxh5 56. g6 d3 57. g7 d2 58. g8=Q d1=Q 59. Qg5+
Ke4 60. Qg6+ Ke3 61. Qg5+ Kf2 62. Qh4+ Kg2 63. Qe4+ Qf3 64. Qg6+ Qg4 65. Qc2+
Kh3 66. Qd3+ Kh4 67. Qh7 Kg5 68. Qe7+ Kg6 69. Kd5 Qg5+ 70. Qxg5+ Kxg5 71. Ke4
Kg4 72. Ke3 Kg3 73. Ke2 Kg2 0-1

[Event "C.to Italiano Semifinale"]
[Site "Civitanova Marche ITA"]
[Date "2012.07.17"]
[Round "3"]
[White "Bellini, Fabio"]
[Black "Altini, Nicola"]
[WhiteElo "2506"]
[BlackElo "2332"]
[Result "1-0"]
[PlyCount "107"]
[EventDate "2012.07.15"]

1. e4 e5 2. Nf3 Nc6 3. Bb5 Nf6 4. d3 Bc5 5. Nc3 d6 6. O-O Bd7 7. Na4 Bb6 8.
Nxb6 axb6 9. Bg5 h6 10. Bh4 g5 11. Bg3 h5 12. h4 g4 13. Ng5 Nh7 14. f4 f6 15.
Nxh7 Rxh7 16. Bxc6 bxc6 17. d4 Qe7 18. Qd3 exd4 19. Qxd4 Be6 20. a4 c5 21. Qd3
Kf8 22. c3 Qf7 23. Rfe1 Bc4 24. Qd2 Qe6 25. b4 Re7 26. bxc5 bxc5 27. a5 Ba6 28.
Rab1 Rae8 29. f5 Qf7 30. Bxd6 cxd6 31. Qxd6 Bc8 32. e5 Kg7 33. e6 Qf8 34. Rb8
Rb7 35. Rxb7+ Bxb7 36. Qb6 Re7 37. Rd1 Qc8 38. Rd6 c4 39. Qb5 Kh6 40. a6 Be4
41. Rd4 Ba8 42. Qb4 Qc6 43. Qb2 Kg7 44. Rd8 Qc5+ 45. Qf2 Qxf2+ 46. Kxf2 Be4 47.
a7 Kh6 48. Rh8+ Kg7 49. a8=Q Bxa8 50. Rxa8 Rb7 51. Rd8 g3+ 52. Kxg3 Kh6 53. Rf8
Rb3 54. e7 1-0

[Event "C.to Italiano Semifinale"]
[Site "Civitanova Marche ITA"]
[Date "2012.07.17"]
[Round "3"]
[White "Borgiani, Flavio"]
[Black "Di Trapani, Davide"]
[WhiteElo "2148"]
[BlackElo "2072"]
[Result "1-0"]
[PlyCount "51"]
[EventDate "2012.07.15"]

1. d4 d5 2. Nf3 Nf6 3. c4 c6 4. e3 e6 5. Nc3 Nbd7 6. Qc2 Bd6 7. Bd2 O-O 8. h3
e5 9. cxd5 Nxd5 10. Ne4 Bc7 11. Neg5 N5f6 12. Nxf7 Rxf7 13. Bc4 Nd5 14. e4 N7b6
15. Bb3 exd4 16. Ng5 Rf6 17. O-O-O Kh8 18. e5 Bf5 19. exf6 Bxc2 20. Nf7+ Kg8
21. Nxd8 Bxd1 22. f7+ Kf8 23. Ne6+ Ke7 24. Nxc7 Nxc7 25. Bb4+ Kd7 26. Rxd1 1-0

[Event "C.to Italiano Semifinale"]
[Site "Civitanova Marche ITA"]
[Date "2012.07.17"]
[Round "3"]
[White "Bruno, Fabio"]
[Black "Paltrinieri, Nicholas"]
[WhiteElo "2423"]
[BlackElo "2172"]
[Result "1-0"]
[PlyCount "109"]
[EventDate "2012.07.15"]

1. d4 e6 2. Nf3 f5 3. g3 Nf6 4. Bg2 Be7 5. O-O O-O 6. c4 d6 7. Nc3 a5 8. b3 Ne4
9. Bb2 Bf6 10. Qc2 Nxc3 11. Bxc3 Nc6 12. Rad1 Qe7 13. e4 e5 14. dxe5 Bxe5 15.
Nxe5 dxe5 16. f4 fxe4 17. Bxe4 exf4 18. Bxh7+ Kh8 19. Rde1 Qc5+ 20. Kh1 Qh5 21.
Bg6 Bf5 22. Qxf5 Qxf5 23. Bxf5 Rxf5 24. Rxf4 Raf8 25. Ree4 Kh7 26. Kg2 Rxf4 27.
gxf4 Kg6 28. Kf3 Rh8 29. Kg3 Kf5 30. Re2 a4 31. Rd2 axb3 32. axb3 Ke6 33. Kg4
Rf8 34. f5+ Rxf5 35. Re2+ Ne5+ 36. Bxe5 Rxe5 37. Rxe5+ Kxe5 38. Kg5 Kd4 39. Kg6
Kc3 40. h4 c5 41. h5 Kxb3 42. Kxg7 Kxc4 43. h6 Kb3 44. h7 c4 45. h8=Q c3 46.
Qh6 Kb2 47. Qb6+ Kc1 48. Kf6 c2 49. Ke5 Kd1 50. Qd4+ Ke2 51. Qc3 Kd1 52. Qd3+
Kc1 53. Kd4 b5 54. Kc3 b4+ 55. Kb3 1-0

[Event "C.to Italiano Semifinale"]
[Site "Civitanova Marche ITA"]
[Date "2012.07.17"]
[Round "3"]
[White "Cocchi, Andrea"]
[Black "Bianco, Valerio"]
[WhiteElo "2319"]
[BlackElo "2141"]
[Result "1-0"]
[PlyCount "97"]
[EventDate "2012.07.15"]

1. e4 c5 2. b3 Nc6 3. Bb2 Nf6 4. e5 Nd5 5. g3 d6 6. exd6 Qxd6 7. Bg2 e5 8. Na3
Be6 9. Nc4 Qc7 10. Qe2 Ndb4 11. d3 Nd4 12. Bxd4 cxd4 13. Nf3 Bxc4 14. bxc4 Nc6
15. O-O Bb4 16. Rab1 Qe7 17. Nh4 O-O 18. Nf5 Qf6 19. Nxg7 Qxg7 20. Bxc6 bxc6
21. Rxb4 f6 22. Rfb1 Rac8 23. Rb7 Rc7 24. Rxc7 Qxc7 25. Qg4+ Kh8 26. Qe6 Kg7
27. Kg2 Rf7 28. Qg4+ Kf8 29. h4 f5 30. Qg5 f4 31. Re1 fxg3 32. fxg3 Re7 33. Qh5
Kg7 34. Rf1 Re6 35. Qg5+ Rg6 36. Qf5 Qe7 37. Re1 Re6 38. Re4 Qf6 39. Rg4+ Kh8
40. Qxf6+ Rxf6 41. Rg5 Re6 42. Kf3 Rf6+ 43. Ke4 Rf2 44. Rxe5 Rxc2 45. Ra5 Rg2
46. Kxd4 Rxg3 47. Rxa7 Rg4+ 48. Kc5 Rxh4 49. Kxc6 1-0

[Event "C.to Italiano Semifinale"]
[Site "Civitanova Marche ITA"]
[Date "2012.07.17"]
[Round "3"]
[White "Contin, Daniel"]
[Black "Piscopo, Pierluigi"]
[WhiteElo "2346"]
[BlackElo "2360"]
[Result "1/2-1/2"]
[PlyCount "46"]
[EventDate "2012.07.15"]

1. Nf3 c5 2. c4 Nc6 3. Nc3 e5 4. g3 g6 5. Bg2 Bg7 6. O-O Nge7 7. a3 a5 8. b3 d5
9. cxd5 Nxd5 10. Qc2 Nde7 11. e3 O-O 12. Rb1 b6 13. d3 Ba6 14. Rd1 Rc8 15. Ne1
Rc7 16. Na4 Qb8 17. Bd2 Rd8 18. Nb2 Bc8 19. Nc4 Bg4 20. Rdc1 Nd5 21. Nf3 h6 22.
h3 Be6 23. Kh2 Rcd7 1/2-1/2

[Event "C.to Italiano Semifinale"]
[Site "Civitanova Marche ITA"]
[Date "2012.07.17"]
[Round "3"]
[White "De Filomeno, Simone"]
[Black "Vezzosi, Paolo"]
[WhiteElo "2338"]
[BlackElo "2293"]
[Result "1-0"]
[PlyCount "103"]
[EventDate "2012.07.15"]

1. e4 Nf6 2. e5 Nd5 3. d4 d6 4. c4 Nb6 5. exd6 exd6 6. Nc3 Nc6 7. Be3 Be7 8. b3
Bf5 9. Nf3 d5 10. c5 Nc8 11. Bd3 Qd7 12. O-O O-O 13. b4 Bf6 14. Bxf5 Qxf5 15.
Nb5 Bd8 16. Qb3 N6e7 17. Nc3 c6 18. b5 a6 19. bxc6 bxc6 20. Rab1 Bc7 21. a4 Ra7
22. Ne2 Ng6 23. Ng3 Qd7 24. Nd2 Nce7 25. Qd3 f6 26. Rb3 Rb8 27. Rxb8+ Bxb8 28.
Rb1 Bc7 29. Ne2 Qf5 30. Qxf5 Nxf5 31. g3 Kf7 32. Nf3 Ke6 33. Ne1 Nge7 34. Bf4
Ba5 35. Bb8 Ra8 36. Nc2 Kd7 37. g4 Kc8 38. Bf4 Nh4 39. Bd6 Neg6 40. Rb3 Bc7 41.
Bxc7 Kxc7 42. a5 Ne7 43. Nf4 g6 44. g5 fxg5 45. Ne6+ Kc8 46. Nxg5 Rb8 47. Rb6
Rxb6 48. cxb6 Nef5 49. Ne6 Nf3+ 50. Kg2 Nd2 51. Nc5 Nd6 52. Nb4 1-0

[Event "C.to Italiano Semifinale"]
[Site "Civitanova Marche ITA"]
[Date "2012.07.17"]
[Round "3"]
[White "De Nisi, Roberta"]
[Black "Viviani, Alessio"]
[WhiteElo "1975"]
[BlackElo "2093"]
[Result "0-1"]
[PlyCount "72"]
[EventDate "2012.07.15"]

1. d4 Nf6 2. c4 g6 3. Nc3 Bg7 4. e4 d6 5. f3 O-O 6. Be3 e5 7. Nge2 c6 8. Qd2
Nbd7 9. O-O-O Qc7 10. Kb1 Nb6 11. Nc1 exd4 12. Bxd4 Rd8 13. g4 Be6 14. b3 d5
15. exd5 cxd5 16. c5 Nbd7 17. b4 a5 18. a3 axb4 19. axb4 b6 20. Nb5 Qc6 21. Nb3
bxc5 22. Rc1 c4 23. Na7 Qa4 24. Na5 Bxg4 25. Bxc4 Bf5+ 26. Bd3 Bxd3+ 27. Qxd3
Qxb4+ 28. Nb3 Rdb8 29. Kc2 Nh5 30. Bxg7 Nxg7 31. Ra1 Nc5 32. Nc6 Nxd3 33. Nxb4
Nxb4+ 34. Kc3 Rxa1 35. Rxa1 Nf5 36. Ra4 Nc6 0-1